Score 0/14 Timer 02:00
0 Plays Today
Clue 4-Letter Word % Correct
Engagement symbolRING
98.1%
A place to store money and goodsBANK
97.4%
Hockey's playing fieldRINK
96.8%
It is worse than a dog's biteBARK
95.9%
College residence for many incoming freshmanDORM
94.9%
NakedBARE
94.8%
Ordinary bureaucrats are known as '___ and file'RANK
94.6%
Clue 4-Letter Word % Correct
Reward to the early birdWORM
94.1%
Nickelodeon's Spanish-speaking explorerDORA
93.9%
⌂⌂⌂ Microsoft's search engine, originally 'Live Search' ⌂⌂⌂⌂BING⌂
93.9%
⌂⌂⌂ Microsoft's language processor program ⌂⌂⌂⌂WORD⌂
86.1%
RippedTORE
85%
When tripled, a WWII film about Pearl HarborTORA
83.3%
A need for zeroing a balanceTARE
82.4%

Today's Daily Dose

You're not logged in!

Compare scores with friends on all Sporcle quizzes.
OR
Log In

Sporcle TV

Today on Sporcle TV


Watch our educational content, quiz creation guides, and fun videos on Sporcle TV.

Show Comments

Extras

Top Quizzes Today


Score Distribution

Paid Content

Your Account Isn't Verified!

In order to create a playlist on Sporcle, you need to verify the email address you used during registration. Go to your Sporcle Settings to finish the process.

Report this User

Report this user for behavior that violates our Community Guidelines.

Details: